00744nam a2200229 a 450000100060000000300080000600500170001400800410003103500190007203500140009104000330010504100080013804200120014608200220015810000450018024500780022526000280030330000370033150000870036865000240045570000350047975332BD-RjUL20211209082655.0190306s1944 enka 000 0 eng  a(BD-RjUL)75327 a(BD-RjUL) aDLCcTxCMdDLCdBD-RjULbeng aeng apremarc 223a547bSUP 19441 aSudborough, J. J.q(John Joseph),d1869-10aPractical organic chemistry /cby J. J. Sudborough and T. Campbell James. aLondon:bBlackie,c1944 axviii, 380 p. :billus.;c19 cm. a"A laboratory companion to Sudborough's edition of Bernthsen's Organic chemistry." 0aChemistry, Organic.1 aJames, Thomas Campbell,d1879-